000 01339nam a2200397 i 4500
001 13565
003 KOSZ 005
005 20211014150255.0
008 071203s1970 pl a f 000 0 pol
015 _aPB 1971/4447
040 _aWA N
_cWA N
_dKOSZ 005/KK
080 _a699.8
080 _a674
245 0 0 _aImpregnacja i odgrzybianie w budownictwie /
_cMichał Czajnik [et al.].
250 _aWydanie 3 rozszerzone
260 _aWarszawa :
_bArkady,
_c1970.
300 _a223, [1] strony, [12] kart, tablice :
_bilustracje ;
_c25 cm.
336 _aTekst
_btxt
_2rdacontent
337 _aBez urządzenia pośredniczącego
_bn
_2rdamedia
338 _aWolumin
_bnc
_2rdacarrier
380 _aKsiążki.
388 _a1901-2000
504 _aBibliografia na stronach 214-215.
650 4 _aGrzyb domowy
650 4 _aImpregnacja
658 _aArchitektura i budownictwo
650 4 _aDrewno
650 4 _aOwady szkodliwe
700 1 _aCzajnik, Michał.
_eAutor
700 1 _aLehnert, Zygmunt.
_eAutor
700 1 _aLerczyński, Stefan.
_eAutor
700 1 _aWażny, Jerzy.
_eAutor
710 2 _aWydawnictwo Arkady
_4pbl.
856 _uhttp://koha.tu.koszalin.pl/cgi-bin/koha/opac-detail.pl?biblionumber=13565
_yKatalog online BPK
942 _2UKD
_cKS
999 _c13565
_d13565